| 000 | 00770nam a2200265Ia 4500 | ||
|---|---|---|---|
| 001 | 22030 | ||
| 005 | 20260320113335.0 | ||
| 008 | 260320s9999||||xx |||||||||||||| ||und|| | ||
| 020 | _a9972424049 | ||
| 041 | _aESP | ||
| 082 |
_a330.98571 _bS25 |
||
| 100 |
_aSantos Granero, Fernando, _eAUT |
||
| 245 | 0 |
_aLa frontera domesticada : _bhistoria económica y social de Loreto, 1850-2000 |
|
| 246 |
_a _5 _b |
||
| 250 | _aPrimera edición | ||
| 260 |
_aLima : _bPontificia Universidad Católica del Perú, Fondo Editorial, _c2002 |
||
| 300 |
_a546 páginas : _bilustraciones ; _c24 cm. _e |
||
| 440 |
_a _n _v |
||
| 650 | _aCIS | ||
| 653 | _aEconomía, historia | ||
| 654 | _aCHU | ||
| 700 |
_aBarclay, Frederica, _cAUT |
||
| 856 |
_u _z |
||
| 942 |
_cLIB _dJUS _fMIP _2ddc _n |
||
| 999 |
_c22030 _d22030 |
||